000 00676nam a2200205Ia 4500
003 GCL
008 140319s9999 xx 000 0 ara d
040 _aGCL /
_cGCL
082 0 4 _a813.009
_bش ش
100 1 _aشعيب حليفى
245 1 0 _aشعرية الرواية الفانتاستيكية /
_cشعيب حليفى
300 _a295 ص
490 _aالهيئة العامة للاستعلامات
_v0
650 0 4 _aالادب العربى
650 0 4 _aالادب
650 0 4 _aالقصص القصيرة - تاريخ ونقد
650 0 4 _aالرواية العربية
650 0 4 _aالرواية العربية - العصر الحديث
942 _2ddc
_cBK
999 _c50150
_d50150